Statistiken für Errate den Songtext ohne das Lied zu kennen #15

Klicken Sie hier um das Quiz zu spielen!

Allgemein

  • Dieses Quiz wurde 696 mal gespielt
  • Das Durchschnittsergebnis liegt bei 95 aus 301

Antwortstatistiken

Antwort% Korrekt
I
98%
a
90%
you
87%
the
73%
And
65%
and
65%
me
65%
to
61%
can
59%
do
59%
Is
56%
is
56%
my
55%
go
54%
in
53%
see
47%
that
46%
for
44%
just
44%
lemon
44%
so
44%
all
42%
I'm
42%
why
42%
tree
41%
here
39%
here,
39%
ever
37%
But
36%
how,
36%
of
36%
It's
35%
sky
35%
nothin'
34%
another
33%
sittin'
33%
wonder
33%
like
32%
got
31%
room
31%
time,
31%
Yesterday
31%
boring
30%
di
30%
told
30%
afternoon
29%
around
28%
around,
28%
nothing
27%
up
27%
blue-blue
26%
'bout
26%
down
25%
feel
25%
waitin'
25%
happens
24%
Sunday
24%
too
24%
head
23%
rainy
23%
wastin'
22%
hangin'
20%
lonely,
18%
turnin'
18%
drivin'
17%
Drivin'
17%
far
16%
out,
16%
(Sing)
16%
point
15%
change
14%
fast,
14%
I'd
14%
view
14%
myself
13%
bed
9%
cloud
9%
inside
9%
shower
9%
takin'
9%
tired,
9%
into
8%
put
8%
there's
8%
heavy
7%
power
7%
dah
6%
Well,
6%
missed
5%

Verteilung der Resultate

Perzentil nach korrekt beantworteten Fragen

Anzahl Personen mit jedem Resultat

Ihre Resultats-Entwicklung

Sie haben dieses Quiz noch nicht gespielt